التنظيم الإداري المحلي : (رقم التسجيلة. 8128)

تفاصيل مارك
000 -LEADER
fixed length control field 00620nam a22001937a 4500
005 - DATE AND TIME OF LATEST TRANSACTION
control field 20251108164256.0
008 - FIXED-LENGTH DATA ELEMENTS--GENERAL INFORMATION
fixed length control field 250721s1997 xx 000 0 ara d
082 14 - DEWEY DECIMAL CLASSIFICATION NUMBER
Classification number 352/كري
100 1# - MAIN ENTRY--PERSONAL NAME
Personal name كشاكش، كريم
245 10 - TITLE STATEMENT
Title التنظيم الإداري المحلي :
Remainder of title المركزية واللامركزية : دراسة مقارنة ... /
264 1# - PRODUCTION, PUBLICATION, DISTRIBUTION, MANUFACTURE, AND COPYRIGHT NOTICE
Place of production, publication, distribution, manufacture عمان :
Name of producer, publisher, distributor, manufacturer المؤلف،
Date of production, publication, distribution, manufacture, or copyright notice 1997.
300 ## - PHYSICAL DESCRIPTION
Extent 283ص
650 17 - SUBJECT ADDED ENTRY--TOPICAL TERM
Topical term or geographic name as entry element الإدارة العامة
650 17 - SUBJECT ADDED ENTRY--TOPICAL TERM
Topical term or geographic name as entry element الإدارة المحلية
650 17 - SUBJECT ADDED ENTRY--TOPICAL TERM
Topical term or geographic name as entry element الإدارة المحلية
650 17 - SUBJECT ADDED ENTRY--TOPICAL TERM
Topical term or geographic name as entry element الأردن
942 ## - ADDED ENTRY ELEMENTS (KOHA)
Source of classification or shelving scheme Dewey Decimal Classification
Koha item type كتب
المقتنيات
حالة السحب حالة الفقدان مصدر التصنيف حالة التلف غير قابل للإعارة المكتبة الرئيسية المكتبة الحالية موقع الرف تاريخ التزويد الرقم المتسلسل Total Checkouts رقم الإستدعاء تاريخ آخر ظهور تاريخ الفاتورة نوع المادة (كوها) الباركود
    Dewey Decimal Classification     مكتبة أبو علندا العامة مكتبة أبو علندا العامة الإعارة 06/07/2004 315   352/كري 28/07/2025 06/07/2004 كتب DUP-02_315
    Dewey Decimal Classification Unchecked   مكتبة الأميرة ايمان العامة مكتبة الأميرة ايمان العامة الإعارة 06/07/2004 9889   352/كري 28/07/2025 06/07/2004 كتب  
    Dewey Decimal Classification Unchecked   مكتبة الاميرة بديعة مكتبة الاميرة بديعة الإعارة 06/07/2004 6015   352/كري 28/07/2025 06/07/2004 كتب  
    Dewey Decimal Classification     مكتبة البراعم الواعدة مكتبة البراعم الواعدة الإعارة 03/11/2015 1474033   352/كري 28/07/2025 03/11/2015 كتب PLD00361963
    Dewey Decimal Classification Unchecked   مكتبة الحسن العامة مكتبة الحسن العامة الإعارة 06/07/2004 10476   352/كري 28/07/2025 06/07/2004 كتب  
    Dewey Decimal Classification     مكتبة النصر العامة مكتبة النصر العامة الإعارة 27/04/2015 [8743]   352/كري 28/07/2025 27/04/2015 كتب PLD00321545
    Dewey Decimal Classification     مكتبة حمزة العامة مكتبة حمزة العامة الإعارة 13/10/2015 [5632]....   352/كري 28/07/2025 13/10/2015 كتب PLD00355367
    Dewey Decimal Classification Unchecked   مكتبة صويلح العامة مكتبة صويلح العامة الإعارة 06/07/2004 13878   352/كري 28/07/2025 06/07/2004 كتب  
    Dewey Decimal Classification     مكتبة وادي السير العامة مكتبة وادي السير العامة الإعارة 19/03/2016 [6861]   352/كري 28/07/2025 19/03/2016 كتب PLD00380913
Implemented & Customized by: BBB with SCIT (Smart Chains for Information Technology)

Powered by Koha